Marketingová štúdia vybraného podniku bakalárska práca

Gespeichert in:
Bibliographische Detailangaben
1. Verfasser: Mateášová, Bronislava
Körperschaft: Fakulta podnikového manažmentu EU. Katedra manažmentu
Weitere Verfasser: Šinský, Peter
Format: Buch
Sprache:Slowakisch
Veröffentlicht: Bratislava 2015
Tags: Tag hinzufügen
Keine Tags, Fügen Sie das erste Tag hinzu!

MARC

LEADER 00000nbm a2200000 4500
001 0202911
005 20161212102112.4
041 0 |a slo 
044 |a SK 
245 1 0 |a Marketingová štúdia vybraného podniku  |b bakalárska práca  |c Bronislava Mateášová ; školiteľ: Peter Šinský 
264 1 |a Bratislava  |c 2015 
300 |a 60 s. 
100 1 |a Mateášová, Bronislava 
700 1 |a Šinský, Peter 
710 2 |a Fakulta podnikového manažmentu EU. Katedra manažmentu